| 000 | 00939nam a2200241 a 4500 | ||
|---|---|---|---|
| 003 | BD-DhJNU | ||
| 005 | 20260408053217.0 | ||
| 008 | 260508s2008 bg |||g |||| 000 1|ben|d | ||
| 020 | _a9789389377538 | ||
| 040 |
_aBD-DhJNU _bben _cBD-DhJNU _dBD-DhJNU |
||
| 041 | _aben | ||
| 082 |
_a297.03 DAC _223 |
||
| 100 | _aদত্ত, মিলন | ||
| 245 | 1 | 0 |
_aচলিত ইসলামি শব্দকোষ / _cমিলন দত্ত |
| 246 | _aChalita islami sabdakosh | ||
| 250 | _a1st ed. | ||
| 260 |
_aঢাকা : _bদে’জ পাবলিশিং, _c2008. |
||
| 300 |
_a৩৭২ পৃ. : _bচিত্র ; _c২২ সেমি.। |
||
| 504 | _aগ্রন্থপঞ্জিগত নির্দেশিকা ও নিঘন্ট অন্তভূক্ত | ||
| 650 | _aইসলাম -- অভিধান -- বাংলা | ||
| 650 | _aIslam -- Dictionary -- Bengali | ||
| 942 | _cBK | ||
| 999 |
_c2658 _d2658 |
||